[Event "SRB-ch U18"]
[Site "Novi Sad"]
[Date "2022.08.01"]
[Round "1.2"]
[White "Leskovac, Nikola"]
[Black "Radosavljevic, Vukasin"]
[Result "0-1"]
[WhiteElo "1987"]
[BlackElo "1914"]
[PlyCount "62"]
[EventDate "2022.08.01"]
[EventType "tourn"]
[EventRounds "9"]
[EventCountry "SRB"]
[SourceTitle "CBM 209 Extra"]
[Source "ChessBase"]
[SourceDate "2022.09.30"]
[SourceVersion "1"]
[SourceVersionDate "2022.09.30"]
[SourceQuality "1"]

1. e4 c5 2. Nf3 d6 3. Bb5+ Bd7 4. Bxd7+ Qxd7 5. 0-0 Nc6 6. Re1 Nf6 7. d4 cxd4 8. Nxd4 e6 9. c4 Be7 10. Nc3 0-0 11. b3 Rac8 12. Bb2 a6 13. f4 Nxd4 14. Qxd4 d5 15. Qd3 dxc4 16. Qf3 Qd3 17. Qxd3 cxd3 18. e5 Bc5+ 19. Kh1 Ng4 20. Ne4 Nf2+ 21. Nxf2 Bxf2 22. Red1 Rc2 23. Ba3 Rd8 24. Bd6 d2 25. g3 Rdc8 26. Bb4 Bd4 27. Rab1 Bc3 28. Bd6 Bb2 29. Bb4 Rd8 30. Kg2 Rd4 31. a3 Rc1 0-1

[Event "Belgrade Trophy 35th"]
[Site "Belgrade"]
[Date "2021.12.02"]
[Round "9"]
[White "Radosavljevic, Vukasin"]
[Black "Cansu, Batuhan"]
[Result "0-1"]
[WhiteElo "1920"]
[BlackElo "1955"]
[PlyCount "46"]
[EventDate "2021.11.24"]
[EventType "swiss"]
[EventRounds "9"]
[EventCountry "SRB"]
[SourceTitle "EXT 2023"]
[Source "ChessBase"]
[SourceDate "2022.10.05"]
[SourceVersion "1"]
[SourceVersionDate "2022.10.05"]
[SourceQuality "1"]

1. e4 c6 2. d4 d5 3. f3 dxe4 4. fxe4 e5 5. Nf3 Bg4 6. c3 Nf6 7. Bc4 Nbd7 8. 0-0 Bd6 9. Qb3 0-0 10. Qxb7 Rb8 11. Qxc6 Rb6 12. Qa4 Bxf3 13. Rxf3 exd4 14. cxd4 Ng4 15. h3 Nde5 16. Rc3 Qh4 17. Qd1 Nxc4 18. Rxc4 Qf2+ 19. Kh1 Qg3 20. Kg1 Qh2+ 21. Kf1 Qh1+ 22. Ke2 Qxg2+ 23. Kd3 Nf2+ 0-1

[Event "SRB-ch U18"]
[Site "Subotica"]
[Date "2021.05.04"]
[Round "3"]
[White "Bozanic, Jovan"]
[Black "Radosavljevic, Vukasin"]
[Result "1/2-1/2"]
[WhiteElo "1989"]
[BlackElo "1909"]
[PlyCount "106"]
[EventDate "2021.05.03"]
[EventType "tourn"]
[EventRounds "9"]
[EventCountry "SRB"]
[SourceTitle "EXT 2022"]
[Source "ChessBase"]
[SourceDate "2021.10.06"]
[SourceVersion "1"]
[SourceVersionDate "2021.10.06"]
[SourceQuality "1"]

1. e4 c5 2. Nf3 d6 3. d4 cxd4 4. Nxd4 Nf6 5. Nc3 a6 6. Be3 e6 7. a4 Nc6 8. Be2 Be7 9. f4 Qc7 10. 0-0 0-0 11. Kh1 Bd7 12. Nb3 Na5 13. Nxa5 Qxa5 14. Qe1 Kh8 15. b4 Qc7 16. Bd3 Ng4 17. Bd4 Bf6 18. Bxf6 gxf6 19. h3 Ne3 20. Rf3 Rac8 21. Ra3 Nc4 22. Bxc4 Qxc4 23. Qh4 Rg8 24. Qxf6+ Rg7 25. Nb5 Qxb4 26. Kh2 Kg8 27. Rg3 Rg6 28. f5 exf5 29. exf5 Bxf5 30. Qxf5 Rc5 31. Qf6 axb5 32. axb5 Rc8 33. Raf3 Rf8 34. Rxg6+ hxg6 35. Rf4 Qc5 36. c4 Qe5 37. h4 Qxf6 38. Rxf6 Rc8 39. Rxd6 Rxc4 40. Kh3 Rc5 41. Rb6 Rc7 42. h5 gxh5 43. Kh4 Kg7 44. Kxh5 f6 45. g4 Rd7 46. g5 fxg5 47. Kxg5 Kf7 48. Kf5 Ke7 49. Ke5 Kd8 50. Rg6 Rh7 51. Kd5 Kc7 52. Kc4 Rh4+ 53. Kc5 b6+ 1/2-1/2

[Event "Belgrade Trophy 34th"]
[Site "Belgrade"]
[Date "2020.11.30"]
[Round "7"]
[White "Lundin, Jan"]
[Black "Radosavljevic, Vukasin"]
[Result "1-0"]
[WhiteElo "2326"]
[BlackElo "1921"]
[PlyCount "56"]
[EventDate "2020.11.24"]
[EventType "swiss"]
[EventRounds "9"]
[EventCountry "SRB"]
[SourceTitle "CBM 199 Extra"]
[Source "ChessBase"]
[SourceDate "2021.01.31"]
[SourceVersion "1"]
[SourceVersionDate "2021.01.31"]
[SourceQuality "1"]

1. e4 c5 2. Nc3 d6 3. f4 e6 4. Nf3 g6 5. d4 cxd4 6. Nxd4 Ne7 7. Ndb5 Nec6 8. a4 a6 9. Na3 Bg7 10. Be2 Bd4 11. Bf3 0-0 12. Ne2 Ba7 13. Nc4 b5 14. Ne3 Na5 15. Ra3 Bc5 16. Rd3 Nbc6 17. c3 b4 18. 0-0 Nc4 19. Nd4 Nxe3 20. Bxe3 Na5 21. cxb4 Nc4 22. bxc5 Nxb2 23. Qd2 Nxd3 24. cxd6 Nc5 25. Nc6 Nb3 26. Qd3 Qd7 27. Qxb3 Bb7 28. Ne5 Qxd6 1-0

[Event "Belgrade Trophy 34th"]
[Site "Belgrade"]
[Date "2020.11.25"]
[Round "2"]
[White "Radosavljevic, Vukasin"]
[Black "Stojkovic, Nenad P"]
[Result "1-0"]
[WhiteElo "1921"]
[BlackElo "2104"]
[PlyCount "62"]
[EventDate "2020.11.24"]
[EventType "swiss"]
[EventRounds "9"]
[EventCountry "SRB"]
[SourceTitle "CBM 199 Extra"]
[Source "ChessBase"]
[SourceDate "2021.01.31"]
[SourceVersion "1"]
[SourceVersionDate "2021.01.31"]
[SourceQuality "1"]

1. e4 c5 2. Nf3 g6 3. d4 cxd4 4. Qxd4 Nf6 5. e5 Nc6 6. Qa4 Nd5 7. Qe4 Nc7 8. c4 d6 9. exd6 Qxd6 10. Nc3 Bf5 11. Bf4 Qe6 12. Qe3 Nb4 13. Nd4 Qb6 14. 0-0-0 Bd7 15. Qe5 g5 16. Bg3 0-0-0 17. Qxh8 f6 18. Bxc7 Qxc7 19. Qxh7 Qf4+ 20. Rd2 g4 21. g3 Qg5 22. h4 gxh3 23. Bxh3 e5 24. f4 Qxg3 25. Bxd7+ Rxd7 26. Qxd7+ Kxd7 27. Nde2+ Nd3+ 28. Kc2 Ke8 29. Rxd3 Qg7 30. Rg1 Qh7 31. fxe5 fxe5 1-0